John Updike : (Record no. 200468176)

MARC details
000 -LEADER
fixed length control field 04139cam a2200553 i 4500
001 - CONTROL NUMBER
control field 200468176
003 - CONTROL NUMBER IDENTIFIER
control field TR-AnTOB
005 - DATE AND TIME OF LATEST TRANSACTION
control field 20260417131705.0
007 - PHYSICAL DESCRIPTION FIXED FIELD--GENERAL INFORMATION
fixed length control field ta
008 - FIXED-LENGTH DATA ELEMENTS--GENERAL INFORMATION
fixed length control field 260417t19791979nju b 001 0 eng
010 ## - LIBRARY OF CONGRESS CONTROL NUMBER
LC control number 79001481
015 ## - NATIONAL BIBLIOGRAPHY NUMBER
National bibliography number GB8003791
Source bnb
National bibliography number 801542464
Source can
016 ## - NATIONAL BIBLIOGRAPHIC AGENCY CONTROL NUMBER
Record control number (AMICUS)000000555110
Record control number 011303994
Source Uk
020 ## - INTERNATIONAL STANDARD BOOK NUMBER
International Standard Book Number 0139376070
International Standard Book Number 9780139376078
International Standard Book Number 0139375996
Qualifying information (paperback)
International Standard Book Number 9780139375996
Qualifying information (paperback)
035 ## - SYSTEM CONTROL NUMBER
System control number (CU-S)b16790388-01ucs_sdi
System control number (OCoLC)04776840
Canceled/invalid control number (OCoLC)1023009808
-- (OCoLC)1052913487
-- (OCoLC)1124637083
-- (OCoLC)1136308206
-- (OCoLC)1154236038
-- (OCoLC)1170035638
-- (OCoLC)1200799904
-- (OCoLC)1201024187
-- (OCoLC)1201628197
-- (OCoLC)1201848995
-- (OCoLC)1201924112
-- (OCoLC)1201995779
-- (OCoLC)1202005370
-- (OCoLC)1202023336
-- (OCoLC)1277089897
-- (OCoLC)1351898519
System control number (OCoLC)ocm04776840
System control number (EXLNZ-01UCS_NETWORK)9912448834606531
System control number (TR-AnTOB)
040 ## - CATALOGING SOURCE
Original cataloging agency DLC
Language of cataloging eng
Description conventions rda
Transcribing agency DLC
Modifying agency MUQ
-- BAKER
-- CWS
-- BTCTA
-- NLE
-- LTU
-- HNW
-- GEBAY
-- DEBBG
-- TXLYM
-- OG#
-- EUM
-- P4I
-- OCLCF
-- CHVBK
-- OCLCQ
-- OCL
-- OCLCO
-- OCLCA
-- OCLCQ
-- OCLCO
-- OCLCQ
-- CNUTO
-- NLC
-- TYC
-- OCLCQ
-- OCLCO
-- OCLCQ
-- OCLCA
-- UKMGB
-- OCLCA
-- OCLCO
-- CBA
-- OCLCO
-- IAK
-- OCLCQ
-- NNM
-- VVB
-- ZQC
-- AKC
-- OCLCQ
-- OCLCO
-- YBM
-- OCLCO
-- OCL
-- NCM
-- YBM
-- SJD
-- OCLCO
-- OCLCL
-- OCLCQ
-- YBM
-- OCLCO
-- OCLCQ
-- IG#
-- YBM
-- OCLCL
-- OCLCQ
-- OCLCO
-- CSL
-- OCLCQ
-- TR-AnTOB
041 0# - LANGUAGE CODE
Language code of text/sound track or separate title İngilizce
050 00 - LIBRARY OF CONGRESS CALL NUMBER
Classification number PS3571.P4
Item number Z74 1979
090 ## - LOCALLY ASSIGNED LC-TYPE CALL NUMBER (OCLC); LOCAL CALL NUMBER (RLIN)
Classification number (OCLC) (R) ; Classification number, CALL (RLIN) (NR) PS3571.P4
Local cutter number (OCLC) ; Book number/undivided call number, CALL (RLIN) Z74 1979
245 00 - TITLE STATEMENT
Title John Updike :
Remainder of title a collection of critical essays /
Statement of responsibility, etc. edited by David Thorburn and Howard Eiland.
264 #1 - PRODUCTION, PUBLICATION, DISTRIBUTION, MANUFACTURE, AND COPYRIGHT NOTICE
Place of production, publication, distribution, manufacture Englewood Cliffs, N.J. :
Name of producer, publisher, distributor, manufacturer Prentice-Hall,
Date of production, publication, distribution, manufacture, or copyright notice 1979.
Date of production, publication, distribution, manufacture, or copyright notice ©1979
300 ## - PHYSICAL DESCRIPTION
Extent ix, 222 pages ;
Dimensions 21 cm
336 ## - CONTENT TYPE
Content type term text
Content type code txt
Source rdacontent
337 ## - MEDIA TYPE
Media type term unmediated
Media type code n
Source rdamedia
338 ## - CARRIER TYPE
Carrier type term volume
Carrier type code nc
Source rdacarrier
490 0# - SERIES STATEMENT
Series statement A Spectrum book.
Series statement Twentieth century views ;
Volume/sequential designation 143
504 ## - BIBLIOGRAPHY, ETC. NOTE
Bibliography, etc. note Includes bibliographical references and index.
505 0# - FORMATTED CONTENTS NOTE
Formatted contents note Introduction / David Thorburn -- The rabbit novels. An image of precarious life / Richard Gilman ; Rabbit Angstrom's unseen world / Dean Doner ; Rabbit's progress / Richard Locke ; Updike, Malamud, and the fire this time / Robert Alter -- Marriage novels. Updike's American comedies / Joyce Carol Oates ; Play in couples / Howard Eiland ; Post-pill paradise lost : Couples / David Lodge ; A month of Sundays : scarlet letters / George Steiner ; Updike as matchmaker : Marry me / Josephine Hendin -- Olinger novels. The poorhouse fair : a fragile vision of specialness / Joyce Markle ; The centaur : epic paean and pastoral lament / Larry E. Taylor ; A note on character in The centaur / Martin Price ; Shrine and sanctuary : Of the farm / Edward P. Vargo ; Family quarrels in Of the farm / Charles Thomas Samuels -- The coup. Updike in Africa / Robert Towers ; Boy's life / Deborah McGill -- The short stories. The same door : unexpected gifts / Robert Detweiler ; Memory in Pigeon feathers / Arthur Mizener ; Updike's search for liturgy / Michael Novak ; The music school : a place of resonance / Charles Thomas Samuels ; Keeping up with Updike : Bech: a book / Jack Richardson ; At the flashpoint : Museums and women / Rosemary Dinnage ; Disengagement in Museums and women / Richard Todd -- Chronology of important dates -- Notes on the editors and contributors -- Selected bibliography.
520 ## - SUMMARY, ETC.
Summary, etc. A collection of critical essays examining individual texts as well as more general accounts of the religious and sexual themes that run through his fiction.
600 10 - SUBJECT ADDED ENTRY--PERSONAL NAME
Personal name Updike, John
General subdivision Criticism and interpretation
9 (RLIN) 153736
655 #7 - INDEX TERM--GENRE/FORM
Genre/form data or focus term Essays
Source of term lcgft
Authority record control number http://id.loc.gov/authorities/genreForms/gf2014026094
9 (RLIN) 151974
Genre/form data or focus term Literary criticism
Source of term lcgft
Authority record control number http://id.loc.gov/authorities/genreForms/gf2017026126
9 (RLIN) 153224
700 1# - ADDED ENTRY--PERSONAL NAME
Personal name Thorburn, David
Titles and other words associated with a name (Professor of literature)
Relator term editor
Relator code edt
Relator term writer of introduction
Relator code win
Authority record control number or standard number http://id.loc.gov/authorities/names/n50012229
9 (RLIN) 153764
Personal name Eiland, Howard
Relator term editor
Relator code edt
Authority record control number or standard number http://id.loc.gov/authorities/names/n79009527
9 (RLIN) 153765
942 ## - ADDED ENTRY ELEMENTS (KOHA)
Source of classification or shelving scheme Library of Congress Classification
Koha item type Book
Holdings
Withdrawn status Lost status Source of classification or shelving scheme Damaged status Not for loan Collection code Home library Current library Shelving location Date acquired Source of acquisition Inventory number Total Checkouts Full call number Barcode Date last seen Copy number Date shelved Koha item type Public note
    Library of Congress Classification Kullanılmış / Used Ödünç Verilemez-Kurumiçi kullanım / Not for loan-For inhouse use Genel Koleksiyon Tıp Fakültesi Medikal Kütüphane Tıp Fakültesi Medikal Kütüphane Genel Koleksiyon / Main Collection 18/03/2026 Bağış / Donation İDE   PS3571.P4 Z74 1979 TıpFaK TF03138 17/04/2026 1 17/04/2026 Book Donated by Prof. Dr. Şükrü Cin
Devinim Yazılım Eğitim Danışmanlık tarafından Koha'nın orjinal sürümü uyarlanarak geliştirilip kurulmuştur.